| 000 | 01208nam a2200241 a 4500 | ||
|---|---|---|---|
| 003 | OSt | ||
| 005 | 20210422172303.0 | ||
| 008 | 210310s1996 ag ad gr 100 0 spa d | ||
| 040 |
_aCO-JMCR _cCO-JMCR |
||
| 041 | 0 | _aspa | |
| 082 | 0 | 4 |
_a351.711 / _bS471s _223 |
| 111 | 2 |
_aSeminario Internacional de Presupuesto Público _n(23a : _d1996 : _cBuenos Aires) _937073 |
|
| 245 | 1 | 0 |
_aXXIII Seminario Internacional de Presupuesto Público / _cAsociación Argentina de Presupuesto Publico, Asociación Internacional de Presupuesto Público |
| 260 |
_aBuenos Aires : _bAsap : Asip, _c1996 |
||
| 300 |
_a[338] páginas : _bilustraciones y gráficas a blanco y negro ; _c25 cm. |
||
| 500 | _a" "Experiencias sobre planeamiento y administración financiera" "Empleo y las Políticas Públicas" "--Tapa | ||
| 650 | 1 | 4 |
_aHacienda Pública _915288 _vCongresos, conferencias, etc. _zArgentina |
| 650 | 2 | 4 |
_aAdministración pública _vCongresos, conferencias, etc. _zArgentina _937074 |
| 650 | 2 | 4 |
_aPresupuesto público _vCongresos, conferencias, etc. _zArgentina _937075 |
| 710 | 1 |
_aAsociación Argentina de Presupuesto Publico _937076 |
|
| 710 | 1 |
_aAsociación Internacional de Presupuesto Público _937077 |
|
| 942 |
_2ddc _cBK |
||
| 999 |
_c7730 _d7730 |
||